Statistics for Fake Plastic Trees Radiohead Lyrics

Click here to take the quiz!

General Stats

  • This quiz has been taken 46 times
  • The average score is 132 of 167

Answer Stats

Answer% Correct
a
100%
can
100%
fake
100%
rubber
100%
watering
100%
chinese
97%
he
97%
i
97%
man
97%
plant
97%
plastic
97%
the
97%
and
91%
it
91%
who
91%
green
88%
her
88%
wears
88%
for
85%
out
85%
she
85%
in
82%
to
82%
with
82%
him
76%
love
76%
lives
73%
me
73%
but
70%
crumbles
70%
do
70%
from
70%
girls
70%
just
70%
of
70%
real
70%
surgery
70%
always
67%
broken
67%
cant
67%
full
67%
gravity
67%
if
67%
like
67%
looks
67%
my
67%
thing
67%
town
67%
all
64%
be
64%
bought
64%
could
64%
eighties
64%
get
64%
tastes
64%
that
64%
used
64%
wins
64%
you
64%
burns
61%
time
61%
wanted
61%
cracked
58%
polystyrene
58%
rid
58%
earth
55%
help
52%
feeling
48%
through
48%
run
45%
turn
42%
ceiling
39%
plans
39%
blow
36%
herself
36%
this
30%

Score Distribution

Percentile by Number Answered

Percent of People with Each Score

Your Score History

You have not taken this quiz